LEADER 00920nas a2200217 i 4500 001 000000129363 003 CaOOAMICUS 005 20080214000000.0 008 080214b1926 it uu u0 0ita r 013 $a102096 040 $aSeMil$bita 245 10$aP. Giovanni Genocchi :$bRavenna 20 luglio 1860 - Roma 6 gennaio 1926. 260 $aRoma :$b[s.n.],$c1926$e(Roma :$fTip. del Senato,$g1926) 300 $aP. 21-83 p. :$bill. ;$c24 cm. 600 14$aGenocchi, Giovanni .$0(OLS)http://semarc/subject/5566 773 0 $tAnnali di Nostra Signora del S. Cuore.$dRoma : [s.n.] $w()3183 850 $aSeMil 852 $aSeMil$W1$xVenegono$y1$m5A X 5/5$j83481$B83481$CSeMilBibl$Z2$F86635 $85 961 $aRecupero: Altro 996 $6245$aP. Giovanni Genocchi :$bRavenna 20 luglio 1860 - Roma 6 gennaio 1926$9(OLS)http://semarc/title/191034 996 $6260$aRoma :$b[s.n.]$9(OLS)http://semarc/publisher/29738 LEADER 00644nam a2200169 i 4500 001 000000218314 003 CaOOAMICUS 005 20130124000000.0 008 130124s1893 xx u000 u lat u 013 $a197211 040 $aSeMil$bita 245 10$a1887-1889. 300 $aII, 338 p. 773 0 $tSanctissimi domini nostri Leonis Papae 13. allocutiones, epistolae, constitutiones, aliaque acta praecipua.$dBrugis et Insulis : Desclée, De Brouwer et Soc., 1887-1910.$g3$w()27945 850 $aSeMil 852 $aSeMil$W1$xVenegono$y1$m2H IV 63 FA$j168724$B168724$CSeMilBibl$Z2$F179615 $8I 996 $6245$a1887-1889$9(OLS)http://semarc/title/313481